000 00663nam a2200205Ii 4500
003 JO-AjNU
008 230605s9999||||xx |||||||||||||| ||und||
017 _a1972/4911
040 _aJO-AjNU
_bara
_erda
_cJO-AjNU
041 _aara
050 1 4 _aPJ7826 1972
100 3 _aتأليف رزق، محمد طلبة,
_eauthor
_949338
245 0 0 _aعودة الفنان وقصص أخرى
264 3 1 _aالقاهرة:الهيئة المصرية العامة للنشر،1972
300 _a221ص
336 _atext
_btxt
_2rdacontent
337 _aunmediated
_bn
_2rdamedia
338 _avolume
_bnc
_2rdacarrier
650 4 _aالأدب العربي - قصص
_949339
999 _aA21664
_c25232
_d25232